Desserts from 'S' - Statistics

General Stats
  • This quiz has been taken 37 times
  • The average score is 3 of 16
Answer Stats
Picture Answer % Correct
Sorbet
69%
Strawberry Shortcake.
63%
Swiss Roll
59%
Strudel
47%
Sugar Cookies
31%
Sticky Toffee Pudding
22%
Semifreddo
9%
Spekkoek
6%
Sutlac
6%
Streuselkuchen
3%
Sufganiyah
3%
Sernik
0%
Sholezard
0%
Shrikhand
0%
Skolebrod
0%
Sohan
0%
No matching quizzes found
Score Distribution
Percent of People with Each Score
Percentile by Number Answered
Your Score History
You have not taken this quiz